<?xml version="1.0" encoding="UTF-8"?>
<record
    xmlns:xsi="http://www.w3.org/2001/XMLSchema-instance"
    xsi:schemaLocation="http://www.loc.gov/MARC21/slim http://www.loc.gov/standards/marcxml/schema/MARC21slim.xsd"
    xmlns="http://www.loc.gov/MARC21/slim">

  <leader>00997cam a22002531  4500</leader>
  <controlfield tag="001">he 68003137 </controlfield>
  <controlfield tag="003">DLC</controlfield>
  <controlfield tag="005">20260227111504.0</controlfield>
  <controlfield tag="008">821209s1966    is            000 0 heb  </controlfield>
  <datafield tag="010" ind1=" " ind2=" ">
    <subfield code="a">he 68003137 </subfield>
  </datafield>
  <datafield tag="035" ind1=" " ind2=" ">
    <subfield code="a">(OCoLC)19155941</subfield>
  </datafield>
  <datafield tag="040" ind1=" " ind2=" ">
    <subfield code="a">DLC</subfield>
    <subfield code="c">MH</subfield>
    <subfield code="d">DLC</subfield>
  </datafield>
  <datafield tag="042" ind1=" " ind2=" ">
    <subfield code="a">premarc</subfield>
  </datafield>
  <datafield tag="050" ind1="0" ind2="0">
    <subfield code="a">HD1537.I82</subfield>
    <subfield code="b">A4 1966</subfield>
  </datafield>
  <datafield tag="110" ind1="2" ind2=" ">
    <subfield code="a">Agricultural Workers' Organization (Israel)</subfield>
  </datafield>
  <datafield tag="245" ind1="1" ind2="0">
    <subfield code="a">Devarim ba-&#x1E7E;e&#x2BB;idah ha-&#x1E25;a&#x1E33;la&#x2BC;it ha-&#x2BB;a&#x15B;irit :</subfield>
    <subfield code="b">Tel Aviv, 7-10 Adar 727, 27 le-Februar-2 le-Mars 1966 /</subfield>
    <subfield code="c">[ha-&#x2BB;orekh Tsevi Magen]</subfield>
  </datafield>
  <datafield tag="260" ind1=" " ind2=" ">
    <subfield code="a">[Tel Aviv] :</subfield>
    <subfield code="b">ha-Merakz ha-&#x1E25;a&#x1E33;la&#x2BC;i</subfield>
    <subfield code="c">[1966?]</subfield>
  </datafield>
  <datafield tag="300" ind1=" " ind2=" ">
    <subfield code="a">420 p. :</subfield>
    <subfield code="b">ill., group ports.,</subfield>
    <subfield code="c">24 cm.</subfield>
  </datafield>
  <datafield tag="500" ind1=" " ind2=" ">
    <subfield code="a">At head of title: ha-Histadrut ha-kelalit shel ha-&#x2BB;ovdim be-Erets Yi&#x15B;ra&#x2BC;el, Histadrut ha-po&#x2BB;alim ha-&#x1E25;a&#x1E33;la&#x2BC;im.</subfield>
  </datafield>
  <datafield tag="611" ind1="2" ind2="0">
    <subfield code="a">Agricultural Workers' Organization (Israel). &#x1E7E;e&#x2BB;idah</subfield>
    <subfield code="n">(10th:</subfield>
    <subfield code="d">1966)</subfield>
  </datafield>
  <datafield tag="650" ind1=" " ind2="0">
    <subfield code="a">Agricultural laborers</subfield>
    <subfield code="z">Israel.</subfield>
  </datafield>
  <datafield tag="700" ind1="1" ind2=" ">
    <subfield code="a">Magen, Tsevi,</subfield>
    <subfield code="e">ed.</subfield>
  </datafield>
  <datafield tag="752" ind1=" " ind2=" ">
    <subfield code="a">Israel</subfield>
    <subfield code="d">Tel Aviv</subfield>
  </datafield>
  <datafield tag="999" ind1=" " ind2=" ">
    <subfield code="c">33796</subfield>
    <subfield code="d">33796</subfield>
  </datafield>
</record>
